| 000 | 01145nam a22002537a 4500 | ||
|---|---|---|---|
| 005 | 20101206113148.0 | ||
| 008 | 101206t xxu||||| |||| 00| 0 hin d | ||
| 010 | _aHIN-91410 | ||
| 020 |
_c400.00 _a9788128826313 |
||
| 035 | _aHN-63756 | ||
| 037 | _bDBAD/PUB | ||
| 040 |
_aDPL _bHN |
||
| 100 |
_924598 _aमहेन्दू, के.सी. |
||
| 245 |
_aबाबा रामदेव के सपनों का भारत / _cके.सी.महेन्दू |
||
| 246 |
_aBaba Ramdev ke sapno ka Bharat _bby K.C. Mahendru |
||
| 260 |
_aनई दिल्ली _bडायमंड पॉकेट बुक्स _c2010 |
||
| 270 |
_bनई दिल्ली _aX-30, ओखला इंडस्ट्रियल एरिया, फेज-11 _e110020 _k011- 41611861 _l011- 41611866 _msales@dpb.in |
||
| 300 |
_a286पृ. _c22सेमी (सजिल्द) |
||
| 650 | _91169 | ||
| 700 | _924599 | ||
| 700 | _924924 | ||
| 942 |
_2ddc _cHN _mमहेन्दू |
||
| 999 |
_c49579 _d49579 |
||